O código genético (Registo nº 200222)

Detalhes MARC
000 -Etiqueta do registo
Valores 00622nam 22001813 4500
100 ## - Dados gerais de processamento
Dados gerais 20260127d u||y0pory50 ba
200 ## - Titulo e menção de responsabilidade
Título próprio O código genético
Primeira menção de responsabilidade Brian F. C. Clark
Outras menções de responsabilidade tradução João Lúcio Azevedo
210 ## - Publicação
Local de publicação São Paulo
Nome do editor Editora Pedagógica e Universitária Ltda, Editora da Universidade de São Paulo
Data de publicação 1980
215 ## - Descrição física 
Paginação / Volumes [XII], 79 p.
Outras indicações físicas il. ; brochado
Dimensões 21 cm
225 ## - Colecção 
Título próprio da colecção Temas de biologia
Indicação de volume 8
606 ## - Nome comum usado como assunto
ID Autoridade 15897
Palavra de ordem Genética geral. Citogenética geral
675 ## - CDU
Notação 575
Edição PT
Língua por
700 ## - Autor principal (pessoa individual)
ID Autoridade 16052
Apelido Clark
Nome Brian F. C.
801 ## - Fonte de origem
País PT
Agência BMMN
Regras de catalogação RPC
830 ## - Notas gerais do catalogador
Criado por Vanda
990 ## - Elementos KOHA
Tipo de documento Livro
Exemplares
Situação do levantamento Biblioteca de origem Código de barras Cota Permissão de empréstimo Tipo de documento Forma de aquisição
  Biblioteca Municipal de Montemor-o-Novo 29333 575 CLA|DEP   Livro Compra

Powered by Koha